| 000 | 01184cab a2200241 4500 | ||
|---|---|---|---|
| 001 | WB3343-25 | ||
| 008 | 090401t1997 xxu||||| |||| 00| 0 eng d | ||
| 035 | _a(Sirsi) u81941 | ||
| 041 | _aeng | ||
| 245 | _aDuty of care | ||
| 260 | _c1997 | ||
| 350 | _a0 | ||
| 490 |
_aEstates Gazette Case Summaries _v[1997] EGCS 138 (1/11/97) |
||
| 520 | _a"Secured Residential Funding plc v Nationwide Building Society" QBD 21 October 1997. A lending company (S) instructed the defendant (N) to do residential valuations of properties offered as security. A loan of £340,000 made. The borrowers defaulted and the property was sold at a much lower price than the valuation. S alleged that N`s valuation had been negligent. A hearing sought to establish whether the N owed a duty of care for its valuation report and whether, if so, the N could rely on its disclaimer notice to avoid liability. Judgment for N. | ||
| 650 | _aDUTY OF CARE | ||
| 650 | _aLIABILITY | ||
| 650 | _aRESIDENTIAL VALUATION | ||
| 650 | _aSECURED RESIDENTIAL FUNDING PLC V NATIONWIDE BUILDING SOCIETY | ||
| 650 | _aVALUERS | ||
| 690 | _aRATING AND VALUATION-CASE LAW | ||
| 942 | _n0 | ||
| 948 | _c07/11/1997 | ||
| 999 |
_c51674 _d51674 |
||